000 00331nam a2200145Ia 4500
008 150301s2014 xx 000 0 und d
082 _a617.7
_bB14J
100 _aJOGI, RENU
245 _aBASIC OPHTHALMOLOGY
250 _a4TH
260 _bJAYPEE
_aDELHI
_c2014
300 _a502
650 _aOPHTHALMOLOGY
942 _2ddc
_cBK
_015
999 _c6606
_d6606